Najbliższe stolice Warszawy - Statystyki

Ogólne statystyki
  • Ten quiz został rozwiązany 280 razy
  • Średni wynik to 13 z 15
Statystyki odpowiedzi
lp. Odległość Stolica % Poprawnych
4 519 Berlin
100%
3 518 Praga
98%
2 477 Mińsk
96%
1 394 Wilno
95%
10 691 Kijów
94%
5 533 Bratysława
93%
6 545 Budapeszt
91%
7 557 Wiedeń
90%
8 561 Ryga
89%
9 674 Kopenhaga
81%
13 811 Sztokholm
79%
11 802 Zagrzeb
67%
15 834 Lublana
63%
12 810 Kiszyniów
60%
14 829 Belgrad
59%
Nie znaleziono quizów pasujących do podanych kryteriów
Rozkład punktacji
Procent ludzi z każdym wynikiem
Percentyl według liczby udzielonych odpowiedzi
Twoja historia wyników
Nie rozwiązałeś tego quizu